1960 1574 1304 1333 1263 1699 1239 1364 1363 1155 1742 1666 1136 1120 1718 1354 1490 1256 1212 1191 1141 1621 1479 1815 1231 1612 1913 1470 1506 1884 1955 1903 1166 1239 1749 1855 1320 1269 1462 1641 1055 1667 1532 1016 1727 1262 1137 1125 1323 1683 1795 1962 1013 1914 1315 1168 1809 1338 1973 1378 1254 1379 1806 1695 1870 1201 1916 1780 1394 1404 1248 1080 1408 1397 1773 1078 1417 1418 1964 1351 1490 1497 1715 1334 1971 1818 1310 1275 1316 1098 1448 1115 1634 1087 1646 1430 1992 1542 1204 BCNSPRNW ULIB Ver.6.0+V

เปลี่ยนเป็นภาษาไทย

Change to English
 แสดงรายละเอียดบรรณานุกรม
  กลับหน้าหลัก

Brief Record : Get Marc (ISO 2709) : E-mail record : QR code < ปิดหน้าต่าง
LEADER : 00000nam 2200000uu 4500
001    13399120732
003     ULIB
008    121005s2550||||th 000 0 tha d
020    ^a9789747472240
050 04 ^aBF576^bส588อ
100 0  ^aสันทัด จ่าม่วง
245 10 ^a17 วิธี เป็นคนฉลาดทางอารมณ์ (Emotion Quotient) :^bเพิ่ม EQด้วยแนวคิดเชิงพุทธศาสนา /^cสันทัด จ่าม่วง ; บรรณาธิการ ชัชฏาพร นิ่มอนงค์
246 30 ^aสิบเจ็ดวิธีเป็นคนฉลาดทางอารมณ์
246 31 ^aEmotional Quotient
246 34 ^aEmotional Quotient 17 วิธีเป็นคนฉลาดทางอารมณ์ เพิ่ม EQด้วยแนวคิดเชิงพุทธศาสนา
250    ^aพิมพ์ครั้งที่ 1
260    ^aกรุงเทพฯ :^bบีเวล พับลิชชิ่ง,^c2550
300    ^a130 หน้า :^bภาพประกอบ ;^c18 ซม.
650  4 ^aความฉลาดทางอารมณ์
650  4 ^aอารมณ์^xแง่ศาสนา^xพุทธศาสนา
700 0  ^aชัชฏาพร นิ่มอนงค์,^eบรรณาธิการ
945    ^p150^l0^i14399
949    ^aวิภา
999 ^a ใช้งานได้ทุกระบบ
รายการนี้ยังไม่มีแท็ก
คุณยังไม่ได้ล็อกอิน คุณสามารถมีกิจกรรมร่วมกับเว็บไซต์ได้ แต่ต้องล็อกอินก่อน ::
  ล็อกอิน

รายการสื่อสารสนเทศ

ลำดับที่ ประเภท เลขเรียก/บาร์โค้ด สถานที่ สถานะ
1. วิทยาศาสตร์การแพทย์ และสุขภาพ
วิทยาศาสตร์การแพทย์ และสุขภาพ
BF576 ส588อ  
  Barcode: 14399
ห้องสมุดวิทยาเขตสวรรค์ประชารักษ์
►หนังสือทั่วไป
บนชั้น

รายการใกล้เคียง
    ผู้แต่ง [สันทัด จ่าม่วง]

    หัวเรื่อง [ความฉลาดทางอารมณ์]

BibComment


ยังไม่เคยถูกคอมเมนท์

คอมเมนท์ทรัพยากรรายการนี้
  คอมเมนท์: 17 วิธี เป็นคนฉล..


 Copyright 2026. Bcnsprnw @Library